Countries with More than One Time Zone - Statistics

General Stats
  • This quiz has been taken 52 times
  • The average score is 18 of 22
Answers on the Map
Answers color-coded by a green-red scale on the quiz's map according to % correct below.
 
Answer Stats
Answer % Correct
Australia
98%
Brazil
98%
Russia
98%
United States
98%
Canada
96%
France
92%
Spain
92%
Denmark
90%
Mexico
90%
United Kingdom
90%
Indonesia
88%
Democratic Republic of the Congo
85%
South Africa
85%
New Zealand
77%
Mongolia
75%
Portugal
73%
Federated States of Micronesia
71%
Kiribati
69%
Papua New Guinea
69%
Netherlands
67%
Chile
60%
Ecuador
48%
No matching quizzes found
Score Distribution
Percent of People with Each Score
Percentile by Number Answered
Your Score History
You have not taken this quiz